| 000 | 00434 a2200145 4500 | ||
|---|---|---|---|
| 001 | ART_45007 | ||
| 005 | 20260410161756.0 | ||
| 008 | 260409a | ||
| 245 | 1 | 0 | _aEl día después del sinceramiento fiscal |
| 100 | 1 | _aGotlib, Gabriel | |
| 700 | 1 | _aCastelli, María P. | |
| 700 | 1 | _aFerreyra Fernández, Constanza E. | |
| 700 | 1 | _aKaplún, Brian | |
| 773 | 0 |
_tDoctrina tributaria _g- Nº 454 (ene. 2018) _wREV4296 |
|
| 999 |
_c20135 _d20135 |
||